Pozycja Personal Name
Liczba rekordów, w których użyto hasła: 1
001 - Numer kontrolny
- control field: 40455
003 - Identyfikator numeru kontrolnego
- control field: NUKAT
005 - Data i czas ostatniej modyfikacji
- control field: 20260424120111.0
008 - Dane kontrolne kodowane (40 znaków)
- fixed length control field: 010406n||a|znnaabn |a aaa |c
010 ## - Numer kontrolny Biblioteki Kongresu
- numer kontrolny LC: n 2004259010
024 7# - OTHER STANDARD IDENTIFIER
- Standard number or code: 56678084
- Source of number or code: viaf
024 7# - OTHER STANDARD IDENTIFIER
- Standard number or code: 0000000121341961
- Source of number or code: isni
024 7# - OTHER STANDARD IDENTIFIER
- Standard number or code: Q177610
- Source of number or code: wikidata
040 ## - Instytucja sporządzająca rekord
- inst. przygot. dane do rek. khw: KR 303/RAMs
- język haseł przedmiotowych/tezaurus: kaba
- inst. wprow. rek. khw: KR 303/RAMs
- inst. modyf. rek. khw: WA U/76JM
- inst. modyf. rek. khw: WR U/bk
- inst. modyf. rek. khw: WA 51/GD
043 ## - Kod obszaru geograficznego
- ISO code: HU
046 ## - Special dates
- Birth date: 1879
- Death date: 1941
100 1# - Hasło - nazwa osobowa
- nazwa osobowa w formie ujednoliconej: Teleki, Pál
- daty biograficzne: (1879-1941).
370 ## - Associated place
- Place of birth: Budapeszt (Węgry).
- Auth control #: http://nukat.edu.pl/aut/s 95010312
- Source of term: kaba
370 ## - Associated place
- Place of death: Budapeszt (Węgry).
- Auth control #: http://nukat.edu.pl/aut/s 95010312
- Source of term: kaba
370 ## - Associated place
- Country: Węgry.
- Auth control #: http://nukat.edu.pl/aut/s 95010672
- Source of term: kaba
370 ## - Associated place
- Country: Austro-Węgry.
- Auth control #: http://nukat.edu.pl/aut/s 97050404
- Source of term: kaba
372 ## - Field of activity
- Field: Geografia.
- Auth control #: http://nukat.edu.pl/aut/s 94013072
- Source of term: kaba
372 ## - Field of activity
- Field: Polityka.
- Auth control #: http://nukat.edu.pl/aut/s 97050028
- Source of term: kaba
374 ## - Occupation
- Occupation: Geografowie.
- Auth control #: http://nukat.edu.pl/aut/s 94013077
- Source of term: kaba
374 ## - Occupation
- Occupation: Politycy.
- Auth control #: http://nukat.edu.pl/aut/s 98055825
- Source of term: kaba
375 ## - Gender
- Gender: 1
- Source of term: iso5218
377 ## - Assoc lang
- Lang code: hun
400 1# - Trop zob. - nazwa osobowa
- nazwa osobowa (nazwisko, imiona): Teleki, Paul.
400 1# - Trop zob. - nazwa osobowa
- nazwa osobowa (nazwisko, imiona): Teleki, P.
400 1# - Trop zob. - nazwa osobowa
- nazwa osobowa (nazwisko, imiona): Teleki, Paul de.
670 ## - Źródło informacji
- źródło informacji: Szobor vagyok, de fáj minden tagom!" : Féher Könyv : a Teleki szoborról / szerkesztette: Bakos István, Csicsery-Kónay István. - Budapest, 2004.
670 ## - Źródło informacji
- źródło informacji: The evolution of Hungary and its place in European history / by Paul Teleki. - New York, 1923.
670 ## - Źródło informacji
- źródło informacji: British Library Public Catalogue.
670 ## - Źródło informacji
- źródło informacji: Kp. Przyjaciel Polaków - Pál Teleki (1879-1941) / Rafał Kazimierz Nowak. - Jastrzębie Zdrój, 2009.
670 ## - Źródło informacji
- źródło informacji: LCA online.
- gdzie znaleziono informację: (1879-1941).
670 ## - Źródło informacji
- źródło informacji: BL online
670 ## - Źródło informacji
- źródło informacji: Kp. Carte ethnographique de la Hongrie en 1910 : sur la base de la carte ethnographique (échelle 1:200.000) / exécutée par Zs. Bátky, K Kogutowicz, Comte P. Teleki. - Budapest, 1940.
670 ## - Źródło informacji
- źródło informacji: BNPol online, 26.04.2021
670 ## - Źródło informacji
- źródło informacji: La Hongrie avant et après la guerre en cartes de statistique économique / rédige par: Aladár Edvi Illés, Albert Halász, préface Paul de Teleki. - Budapest, 1926.